Cerebellum Neurotransmitter Furetions in Biochemistry-Religion (Record no. 2158)
[ view plain ]
| 000 -LEADER | |
|---|---|
| fixed length control field | 00383nam a22001337a 4500 |
| 008 - FIXED-LENGTH DATA ELEMENTS--GENERAL INFORMATION | |
| fixed length control field | 250307b |||||||| |||| 00| 0 eng d |
| 020 ## - INTERNATIONAL STANDARD BOOK NUMBER | |
| ISBN | 9789785241211 |
| 100 ## - MAIN ENTRY--AUTHOR | |
| Author | Nnaji Ogundu Charles |
| 245 ## - TITLE STATEMENT | |
| Title | Cerebellum Neurotransmitter Furetions in Biochemistry-Religion |
| 260 ## - PUBLICATION, DISTRIBUTION, ETC. (IMPRINT) | |
| Place of publication | Abuja |
| Name of publisher | Theometry Journal Publishers |
| Date of publication | 2015 |
| 300 ## - COLLATION | |
| Pagination | iv,132p |
| 942 ## - ADDED ENTRY ELEMENTS (KOHA) | |
| Item type | Books |
| 050 ## - LIBRARY OF CONGRESS CALL NUMBER | |
| Classification number | QP365.5 |
| Item number | .N53 |
| Source of classification or shelving scheme | Not for loan | Permanent location | Current location | Date acquired | Accession No. | Full call number | Barcode. | Koha item type |
|---|---|---|---|---|---|---|---|---|
| Library of Congress Classification | Samuel Ogbemudia Main Library, University of Abuja | Samuel Ogbemudia Main Library, University of Abuja | 03/07/2025 | 2018/52154-01 | QP365.5.N53 | 2025-0371 | Books | |
| Library of Congress Classification | Samuel Ogbemudia Main Library, University of Abuja | Samuel Ogbemudia Main Library, University of Abuja | 03/07/2025 | 2018/52154-01 | QP365.5.N53 | 2025-0372 | Books |